| 000 | 00780nam a22002417a 4500 | ||
|---|---|---|---|
| 003 | OSt | ||
| 005 | 20251028024400.0 | ||
| 008 | 251028b |||||||| |||| 00| 0 eng d | ||
| 020 | _a978-621-427-277-8 | ||
| 040 |
_aDWC-Main Lib _cOC |
||
| 082 | _aFil. 126 UN55 2025 | ||
| 100 | _aBALOTOL, RUBEN JR. O | ||
| 245 |
_aUnderstanding the self/ _c Ruben O. Balotol Jr. O. [and three others]. - - |
||
| 260 |
_a Manila, Philippines: _bUnlimited Books Library Services & Publishing Inc., _c c2025. |
||
| 300 |
_avi, 159 pages; _c25 cm. |
||
| 504 | _aIncludes bibliographical references. | ||
| 650 | _aIdentity. | ||
| 650 | _aSelf. | ||
| 700 | _aOÑATE, RAFAEL V. | ||
| 700 | _aDE LA TORRE, DIONISIO O. | ||
| 700 | _aARQUIZA, CAMILLE JOYCE J. | ||
| 942 |
_2ddc _cBK - FIL _kFil. _n0 |
||
| 999 |
_c5201 _d5201 |
||